[Event "Tourn. n8620"]
[Site "www.chess-mail.com"]
[Date "2016.02.13"]
[Round "1"]
[White "Cal"]
[Black "Biggles"]
[WhiteElo "1610"]
[BlackElo "1499"]
[Result "0-1"]
[Round "1"]
1.c4 e5
2.a3 Ng8f6
3.Nb1c3 Nb8c6
4.e4 d6
5.h3 Nc6d4
6.d3 Bc8d7
7.Bc1g5 Bf8e7
8.b4 c6
9.Ng1f3 O-O
10.Qd1d2 Nd4b3
11.Qd2b2 Nb3xa1
12.Qb2xa1 Nf6h5
13.Bg5xe7 Qd8xe7
14.Bf1e2 Nh5f4
15.b5 h6
16.bxc6 Bd7xc6
17.O-O f5
18.Nf3h2 fxe4
19.dxe4 Bc6xe4
20.Be2f3 Nf4xh3
21.gxh3 Be4xf3
22.Qa1e1 Qe7g5
23.Nh2g4 Bf3xg4
24.Nc3e4 Qg5g6
25.Ne4g3 Bg4xh3
26.Kh2 Bh3xf1
27.Qe1xf1 Rf8f3
28.Kg2 Ra8f8
29.c5 Qg6xg3
30.fxg3 Rf3xf1
31.Kh3 dxc5
{ resign }
0-1

[Event "Tourn. n8531"]
[Site "www.chess-mail.com"]
[Date "2016.02.13"]
[Round "1"]
[White "Genius7"]
[Black "Scasan55"]
[WhiteElo "2110"]
[BlackElo "2120"]
[Result "0-1"]
[Round "1"]
1.e4 c5
2.g3 d6
3.Bf1g2 Nb8c6
4.Ng1e2 e6
5.d4 cxd4
6.Ne2xd4 Nc6xd4
7.Qd1xd4 Bf8e7
8.c4 Ng8f6
9.Nb1c3 a6
10.O-O O-O
11.a3 Ra8b8
12.h3 Bc8d7
13.Rf1d1 Bd7c6
14.Rd1e1 Qd8c7
15.Bc1e3 b5
16.cxb5 axb5
17.Ra1c1 Qc7b7
18.g4 Rf8c8
19.Rc1d1 b4
20.axb4 Qb7xb4
21.Qd4xb4 Rb8xb4
22.Be3f4 Rb4xb2
23.Bf4xd6 Be7xd6
24.Rd1xd6 Bc6a8
25.Re1e3 Rb2b3
26.Nc3e2 Rb3xe3
 { time }
0-1

[Event "Tourn. n8603"]
[Site "www.chess-mail.com"]
[Date "2016.02.13"]
[Round "1"]
[White "Emiondi"]
[Black "Genius7"]
[WhiteElo "2210"]
[BlackElo "2150"]
[Result "1-0"]
[Round "1"]
1.d4 Ng8f6
2.c4 c5
3.d5 e6
4.Nb1c3 exd5
5.cxd5 d6
6.e4 g6
7.Ng1f3 Bf8g7
8.Bf1e2  { time }
1-0

[Event "Tourn. n8541"]
[Site "www.chess-mail.com"]
[Date "2016.02.13"]
[Round "1"]
[White "Genius7"]
[Black "Marbachess"]
[WhiteElo "2150"]
[BlackElo "2200"]
[Result "0-1"]
[Round "1"]
1.d4 f5
2.e4 fxe4
3.Nb1c3 Ng8f6
4.Bc1g5 Nb8c6
5.d5 Nc6e5
6.Qd1d4 Ne5f7
7.h4 c6
8.O-O-O Qd8b6
9.Bg5xf6 gxf6
10.Nc3xe4 Bf8h6
11.Kb1 Qb6xd4
12.Rd1xd4 cxd5
13.Rd4xd5 b6
14.Ne4c3 Bc8b7
15.Rd5d1 e6
16.f3 Rh8g8
17.Ng1h3 Ke7
18.Nh3f2 Nf7e5
19.Nf2e4 d5
20.Ne4f2 Bh6e3
 { time }
0-1

[Event "Tourn. n8522"]
[Site "www.chess-mail.com"]
[Date "2016.02.13"]
[Round "1"]
[White "Easychess"]
[Black "Kevinking"]
[WhiteElo "1630"]
[BlackElo "1819"]
[Result "0-1"]
[Round "1"]
1.d4 d5
2.Nb1c3 Ng8f6
3.Bc1g5 e6
4.e4 Bf8e7
5.e5 Nf6d7
6.Bg5xe7 Qd8xe7
7.Qd1d2 a6
8.f4 c5
9.Ng1f3 Nb8c6
10.O-O-O b5
11.g4 cxd4
12.Nf3xd4 Bc8b7
13.f5 Nc6xe5
14.fxe6 fxe6
15.h3 Ne5c4
16.Qd2e1 Nd7f8
17.Bf1xc4 dxc4
18.Rh1f1 Ra8d8
19.Qe1e5 Rh8g8
20.g5 Nf8g6
21.Qe5xe6 Qe7xe6
22.Nd4xe6 Rd8xd1
 { time }
0-1

[Event "Tourn. n8611"]
[Site "www.chess-mail.com"]
[Date "2016.02.13"]
[Round "1"]
[White "Elogic"]
[Black "Yangqi"]
[WhiteElo "1830"]
[BlackElo "2650"]
[Result "0-1"]
[Round "1"]
1.c4 e5
2.e4 Bf8c5
3.Nb1c3 Ng8f6
4.Qd1c2 Nb8c6
5.Ng1f3 Nf6g4
6.d4 Nc6xd4
7.Qc2d3 Nd4xf3
8.gxf3 Ng4xf2
{ resign }
0-1

[Event "Tourn. n8576"]
[Site "www.chess-mail.com"]
[Date "2016.02.13"]
[Round "1"]
[White "Osopanda"]
[Black "Tonino1"]
[WhiteElo "1960"]
[BlackElo "2070"]
[Result "0-1"]
[Round "1"]
1.c4 Ng8f6
2.Nb1c3 g6
3.d4 Bf8g7
4.e4 d6
5.f4 c5
6.d5 O-O
7.Ng1f3 Bc8g4
8.Bf1e2 Nb8d7
9.O-O a6
10.Bc1e3 Qd8c7
11.Nf3g5 Bg4xe2
12.Qd1xe2 h6
13.Ng5h3 Ra8b8
14.a4 b6
15.Ra1e1 Nf6h7
16.g4 e6
17.dxe6 fxe6
18.Qe2d3 Rf8d8
19.e5 dxe5
20.Qd3xg6 Nd7f8
21.Qg6c2 Rd8d4
22.Be3xd4 exd4
23.Nc3e4 Rb8d8
24.Qc2d3 e5
25.fxe5 Bg7xe5
26.Re1e2 Nf8e6
27.g5 hxg5
28.Re2g2 Ne6f4
29.Nh3xf4 Be5xf4
30.Qd3f3 Bf4e3
31.Kh1 Rd8f8
32.Qf3xf8 Nh7xf8
33.Ne4xg5 Qc7c6
34.Ng5e4 Nf8g6
35.Ne4f6 Kg7
36.Nf6h5 Kh6
37.Nh5f6 Ng6h4
38.Nf6g4 Kh7
39.Rf1f7 Kh8
40.Ng4xe3 dxe3
41.Rf7g7 Nh4xg2
{ resign }
0-1

[Event "Tourn. n8596"]
[Site "www.chess-mail.com"]
[Date "2016.02.13"]
[Round "1"]
[White "Yangqi"]
[Black "Cathar"]
[WhiteElo "2630"]
[BlackElo "2280"]
[Result "1-0"]
[Round "1"]
1.e4 c5
2.f4 g6
3.Nb1c3 Nb8c6
4.Ng1f3 Bf8g7
5.Bf1b5 Nc6d4
6.O-O a6
7.Bb5d3 d6
8.Nf3xd4 cxd4
9.Nc3e2 Ng8f6
10.Kh1 e5
11.b3 O-O
12.fxe5 dxe5
13.a4 b6
14.Ne2g1 Bc8b7
15.Qd1e2 Nf6h5
16.Bc1a3 Rf8e8
17.Ng1h3 Nh5f4
18.Qe2f2 f5
19.Nh3xf4 exf4
20.exf5 g5
21.Ra1e1 Qd8d7
22.Re1e2 Re8xe2
23.Qf2xe2 Ra8e8
24.Qe2g4 h6
25.h4 Bg7f6
26.Qg4h5 Qd7g7
27.Qh5xe8 { resign }
1-0

[Event "Tourn. n8570"]
[Site "www.chess-mail.com"]
[Date "2016.02.13"]
[Round "1"]
[White "Gambitchess"]
[Black "Roque1"]
[WhiteElo "1770"]
[BlackElo "1820"]
[Result "0-1"]
[Round "1"]
1.c4 e6
2.Ng1f3 Ng8f6
3.d4 d5
4.e3 Bc8d7
5.Nb1c3 Bf8b4
6.Bc1d2 O-O
7.Bf1d3 Nb8c6
8.cxd5 exd5
9.O-O b6
10.a3 Bb4d6
11.h3 Nc6e7
 { time }
0-1

[Event "Tourn. n8553"]
[Site "www.chess-mail.com"]
[Date "2016.02.13"]
[Round "1"]
[White "Naujzaid"]
[Black "Genius7"]
[WhiteElo "2030"]
[BlackElo "2160"]
[Result "0-1"]
[Round "1"]
1.d4 Ng8f6
2.c4 g6
3.Nb1c3 d5
4.cxd5 Nf6xd5
5.e4 Nd5xc3
6.bxc3 Bf8g7
7.Bf1c4 O-O
8.Ng1e2 c5
9.O-O cxd4
10.cxd4 Nb8c6
11.Bc1e3 b6
12.Ra1c1 Bc8b7
13.Qd1d2 Nc6a5
14.Bc4d3 Qd8d7
15.Rf1d1 Ra8c8
16.f4 { time. }
0-1

[Event "Tourn. n8605"]
[Site "www.chess-mail.com"]
[Date "2016.02.13"]
[Round "1"]
[White "Bojan"]
[Black "Piekki"]
[WhiteElo "2050"]
[BlackElo "1900"]
[Result "1-0"]
[Round "1"]
1.d4 Ng8f6
2.c4 e6
3.a3 c5
4.Ng1f3 cxd4
5.Nf3xd4 a6
6.g3 Nb8c6
7.Bc1e3 Bf8e7
8.Bf1g2 Qd8c7
9.b3 b6
10.Be3f4 e5
11.Nd4xc6 dxc6
12.Bf4g5 Bc8b7
13.O-O Ra8d8
14.Qd1c2 O-O
15.Nb1c3 Rf8e8
16.Rf1d1 Rd8c8
17.Rd1d3 Qc7b8
18.Ra1d1 Re8d8
19.Rd3d7 Rc8c7
20.Rd7xd8 Be7xd8
21.Nc3e4 Rc7d7
22.Ne4xf6 { resign }
1-0

[Event "Tourn. n8603"]
[Site "www.chess-mail.com"]
[Date "2016.02.13"]
[Round "1"]
[White "Pariolinius"]
[Black "Genius7"]
[WhiteElo "2010"]
[BlackElo "2150"]
[Result "1-0"]
[Round "1"]
1.d4 d5
2.Ng1f3 c5
3.e3 e6
4.Bf1e2 Ng8f6
5.Nb1d2 Nb8c6
6.c3 Bf8d6
7.O-O O-O
8.b3 cxd4
9.cxd4  { time }
1-0

[Event "Match"]
[Site "www.echecsemail.com"]
[Date "2016.02.13"]
[Round "1"]
[White "Tonino1"]
[Black "Karlgrocer"]
[WhiteElo "1990"]
[BlackElo "2050"]
[Result "1/2-1/2"]
[Round "1"]
1.d4 d6
2.Ng1f3 Ng8f6
3.e3 e6
4.Bf1d3 Bf8e7
5.b3 O-O
6.Bc1b2 Nb8d7
7.Nb1d2 b6
8.O-O Bc8b7
9.Qd1e2 Nf6d5
10.a3 c5
11.c4 Nd5c7
12.e4 cxd4
13.Nf3xd4 Be7f6
14.f4 e5
15.Nd4f5 exf4
16.Bb2xf6 Qd8xf6
17.Ra1b1 Nd7c5
18.Bd3c2 Qf6e5
19.Qe2g4 Nc7e6
20.Nd2f3 Qe5c3
21.Nf3g5 Ne6xg5
22.Qg4xg5 Bb7xe4
23.Bc2xe4 Nc5xe4
24.Qg5xf4 Ne4f6
25.Nf5xg7 Kxg7
26.Qf4g5 Kh8
27.Qg5xf6 Qc3xf6
28.Rf1xf6 d5
29.cxd5 Ra8d8
30.Rb1d1 Kg7
31.Rf6c6 Rd8d7
32.d6 Rf8d8
33.Kf2 Kf6
34.Kf3 Ke6
35.Rc6c7 Rd7xd6
36.Rd1xd6 Rd8xd6
37.Rc7xa7 Rd6d3
38.Kf2 Rd3xb3
39.Ra7a6 Kf6
40.a4 Kg7
41.a5 bxa5
42.Ra6xa5 Rb3b2
43.Kg3 h6
44.Ra5a6 f6
45.h4 Rb2b3
46.Kg4 Rb3b4
47.Kh3 Rb4b3
48.g3 Rb3b5
49.Ra6a4 Kg6
50.Ra4a3 h5
51.g4 hxg4
52.Kxg4 Rb5b4
53.Kh3 Rb4c4
54.Ra3a5 Rc4b4
55.h5 { draw }
1/2-1/2

[Event "Match"]
[Site "www.echecsemail.com"]
[Date "2016.02.13"]
[Round "1"]
[White "Johndyson"]
[Black "Elogic"]
[WhiteElo "2500"]
[BlackElo "1769"]
[Result "1-0"]
[Round "1"]
1.d4 Ng8f6
2.c4 c5
3.d5 e6
4.Nb1c3 exd5
5.cxd5 Qd8e7
6.Qd1a4 Nf6e4
7.Nc3xe4 a6
8.Bc1f4 b5
9.Qa4c2 c4
10.Ne4d6 { resign }
1-0

[Event "Match"]
[Site "www.echecsemail.com"]
[Date "2016.02.13"]
[Round "1"]
[White "Nimzo"]
[Black "Ostapbender"]
[WhiteElo "2790"]
[BlackElo "2770"]
[Result "1-0"]
[Round "1"]
1.d4 Ng8f6
2.c4 g6
3.g3 Bf8g7
4.Bf1g2 O-O
5.Nb1c3 d6
6.Ng1f3 Nb8d7
7.O-O e5
8.e4 c6
9.h3 Qd8b6
10.Rf1e1 exd4
11.Nf3xd4 Rf8e8
12.Re1e2 Qb6b4
13.Re2c2 Nd7c5
14.Bc1d2 Qb4b6
15.Bd2e3 Qb6c7
16.f3 a5
17.Qd1d2 Nf6d7
18.Ra1d1 a4
19.Qd2f2 Qc7a5
20.Bg2f1 Nd7e5
21.a3 Qa5c7
22.f4 Ne5d7
23.Bf1g2 Ra8a5
24.g4 Bg7f8
25.Kh1 Nd7b6
26.Nc3e2 Ra5a6
27.Ne2g3 Nb6d7
28.g5 Bf8g7
29.Bg2f3 Ra6a5
30.h4 f6
31.Qf2g1 fxg5
32.hxg5 Nd7f8
33.Nd4f5 gxf5
34.exf5 Nf8g6
35.f6 Bg7f8
36.f5 Bc8xf5
37.Ng3xf5 Nc5e4
38.Bf3g4  { time }
1-0

[Event "Match"]
[Site "www.echecsemail.com"]
[Date "2016.02.13"]
[Round "1"]
[White "Pariolinius"]
[Black "Cardiff"]
[WhiteElo "2000"]
[BlackElo "2000"]
[Result "1-0"]
[Round "1"]
1.d4 d5
2.Ng1f3 Ng8f6
3.e3 Bc8g4
4.Bf1e2 c6
5.b3 e6
6.Bc1b2 Bf8d6
7.h3 Bg4xf3
8.Be2xf3 O-O
9.Nb1d2 Nb8d7
10.O-O Qd8e7
11.Rf1e1 e5
12.c3 e4
13.Bf3e2 Rf8e8
14.f3 Ra8c8
15.f4 Bd6a3
16.Ra1b1 Ba3xb2
17.Rb1xb2 c5
18.Nd2f1 cxd4
19.cxd4 a6
20.Nf1d2 b5
21.b4 Nd7b6
22.a3 Rc8c3
23.Kf2  { time }
1-0

[Event "Match"]
[Site "www.echecsemail.com"]
[Date "2016.02.13"]
[Round "1"]
[White "Ejner"]
[Black "Attatroll"]
[WhiteElo "1809"]
[BlackElo "2030"]
[Result "1-0"]
[Round "1"]
1.Ng1f3 d5
2.c4 dxc4
3.Nb1a3 e5
4.Nf3xe5 Bf8xa3
5.Qd1a4 b5
6.Qa4xa3 Ng8f6
7.d3 Qd8d4
8.Ne5f3 Qd4b6
9.dxc4 b4
10.Qa3e3 Qb6e6
11.Nf3d4 Qe6xe3
12.Bc1xe3 Bc8b7
13.f3 O-O
14.Be3f2 Nb8c6
15.e4 Rf8e8
16.O-O-O Ra8d8
17.Bf1e2 a5
18.Nd4xc6 Bb7xc6
19.Rd1xd8 Re8xd8
20.Rh1d1 Rd8xd1
21.Kxd1 Nf6d7
22.Bf2g3 Kf8
23.Bg3xc7 a4
24.Bc7d6 Ke8
25.Bd6xb4 Nd7e5
26.Bb4c3 f6
27.b4 Kd7
28.Bc3d4 Ne5g6
29.Kd2 Ng6f4
30.Be2f1 Kd6
31.Kc3 h5
32.h4 Nf4e6
33.a3 Ne6c7
34.b5 Bc6b7
35.c5 Ke7
36.c6 Nc7xb5
37.Bf1xb5 { resign }
1-0

[Event "Match"]
[Site "www.echecsemail.com"]
[Date "2016.02.13"]
[Round "1"]
[White "Starcommand"]
[Black "Mrgentleman"]
[WhiteElo "1499"]
[BlackElo "1499"]
[Result "1-0"]
[Round "1"]
1.e4 Nb8c6
2.Ng1f3 e5
3.Bf1c4 Ng8f6
4.Nb1c3 d6
5.Nf3g5 Bf8e7
6.Ng5xf7 O-O
7.Nf7xd8 Kh8
8.Nd8f7 Kg8
9.Nf7xd6 { resign }
1-0

[Event "1/128 Finale"]
[Site "www.chess-mail.com"]
[Date "2016.02.13"]
[Round "1"]
[White "Knightjumper"]
[Black "Mitja"]
[WhiteElo "1690"]
[BlackElo "1910"]
[Result "0-1"]
[Round "1"]
1.d4 d5
2.Ng1f3 e6
3.Bc1g5 Bf8e7
4.Bg5xe7 Qd8xe7
5.c3 Ng8h6
6.e3 c6
7.Bf1d3 Nb8d7
8.Nb1d2 Nd7b6
9.O-O f5
10.Nf3e5 Nb6d7
11.Nd2f3 Nh6f7
12.Ne5xd7 Bc8xd7
13.c4 g5
14.cxd5 cxd5
15.Qd1e2 a6
16.Nf3d2 h5
17.Ra1c1 Bd7c6
18.Nd2b3 Nf7d6
19.Nb3c5 Nd6e4
20.f3 Ne4xc5
21.Rc1xc5 Kd7
22.Rf1c1 Ra8c8
23.b3 h4
24.Qe2c2 Qe7d6
25.a4 h3
26.g3 f4
27.exf4 gxf4
28.g4 Rc8c7
29.b4 Rh8c8
30.Qc2b3 e5
 { time }
0-1

[Event "Eq:La Taverne-Equipo Juan Diaz : "]
[Site "www.chess-mail.com"]
[Date "2016.02.13"]
[Round "1"]
[White "Louis"]
[Black "Naujzaid"]
[WhiteElo "1880"]
[BlackElo "2060"]
[Result "1-0"]
[Round "1"]
1.c4 Ng8f6
2.d4 e5
3.dxe5 Nf6g4
4.Bc1f4 Bf8c5
5.e3 h5
6.h3 Ng4h6
7.Qd1xh5 d6
8.Nb1c3 c6
9.exd6 { resign }
1-0

[Event "Tourn. n8515"]
[Site "www.chess-mail.com"]
[Date "2016.02.14"]
[Round "1"]
[White "Genius7"]
[Black "Norlavuaram"]
[WhiteElo "2090"]
[BlackElo "2180"]
[Result "0-1"]
[Round "1"]
1.b3 Ng8f6
2.Bc1b2 g6
3.c4 Bf8g7
4.d4 O-O
5.Ng1f3 d5
6.e3 c6
7.Bf1e2 Nb8d7
8.O-O Rf8e8
9.Nb1c3 e5
10.cxd5 cxd5
11.dxe5 Nd7xe5
12.Nf3xe5 Re8xe5
13.Be2f3 Re5e8
14.Nc3xd5 Nf6xd5
15.Bb2xg7 Kxg7
16.Bf3xd5 Bc8e6
17.Bd5xb7 Ra8b8
18.Bb7f3 Qd8g5
19.Qd1d4 Kg8
20.Ra1c1 Qg5a5
21.Rc1c2 Re8d8
22.Qd4f4 Qa5b5
23.h3 a5
24.Rf1c1 Be6f5
25.Rc2c5 Qb5b4
26.Qf4xb4 axb4
27.g4 Bf5e6
 { time }
0-1

[Event "Tourn. n8563"]
[Site "www.chess-mail.com"]
[Date "2016.02.14"]
[Round "1"]
[White "Tonino1"]
[Black "Cardiff"]
[WhiteElo "2050"]
[BlackElo "2000"]
[Result "1-0"]
[Round "1"]
1.d4 f5
2.Ng1f3 Ng8f6
3.e3 e6
4.Bf1d3 b6
5.b3 Bc8b7
6.Bc1b2 Bf8e7
7.Nb1d2 O-O
8.O-O a6
9.Qd1e2 Be7d6
10.Nf3e5 Qd8e7
11.f4 b5
12.c4 c6
13.c5 Bd6c7
14.e4 fxe4
15.Nd2xe4 Nf6d5
16.a3 a5
17.Ra1b1 Nb8a6
18.Ne4g5 Nd5f6
19.Rf1f3 Ra8d8
20.Rf3h3 g6
21.Ng5xh7 Nf6xh7
22.Ne5xg6  { time }
1-0

[Event "Tourn. n8575"]
[Site "www.chess-mail.com"]
[Date "2016.02.14"]
[Round "1"]
[White "Tonino1"]
[Black "Cardiff"]
[WhiteElo "2080"]
[BlackElo "2000"]
[Result "1-0"]
[Round "1"]
1.d4 Ng8f6
2.Ng1f3 b6
3.e3 Bc8b7
4.Bf1d3 g6
5.b3 Bf8g7
6.Bc1b2 d5
7.Nb1d2 O-O
8.O-O Nb8d7
9.Qd1e2 c5
10.c4 dxc4
11.Nd2xc4 Nf6e4
12.Nc4d2 Ne4xd2
13.Nf3xd2 cxd4
14.exd4 e6
15.Nd2c4 Bb7d5
16.Ra1c1 Nd7f6
17.Nc4e5 Nf6d7
18.Bb2a3 Rf8e8
19.Ne5xd7  { time }
1-0

[Event "Tourn. n8599"]
[Site "www.chess-mail.com"]
[Date "2016.02.14"]
[Round "1"]
[White "Cardiff"]
[Black "Bojan"]
[WhiteElo "2030"]
[BlackElo "2040"]
[Result "0-1"]
[Round "1"]
1.c4 g6
2.Nb1c3 Bf8g7
3.d4 c6
4.e4 Qd8a5
5.Bc1d2 Bg7xd4
6.Ng1f3 Bd4g7
7.Bf1e2 d6
8.O-O Qa5b6
9.Qd1c2 Bc8e6
10.Bd2e3 Qb6c7
11.Ra1c1 Ng8f6
12.h3 Nf6d7
 { time }
0-1

[Event "Tourn. n8594"]
[Site "www.chess-mail.com"]
[Date "2016.02.14"]
[Round "1"]
[White "Comrade"]
[Black "Piekki"]
[WhiteElo "2100"]
[BlackElo "1860"]
[Result "1-0"]
[Round "1"]
1.c4 Ng8f6
2.Nb1c3 e5
3.g3 Bf8b4
4.Bf1g2 O-O
5.d3 Rf8e8
6.Bc1d2 d6
7.e3 Nb8c6
8.Ng1e2 Bc8e6
9.O-O Qd8d7
10.Nc3d5 Bb4xd2
11.Qd1xd2 Nf6h5
12.Bg2f3 Be6g4
13.Bf3xg4 Qd7xg4
14.Nd5xc7 Qg4h3
15.Nc7xa8 Re8e6
16.f3 Re6h6
17.Rf1f2 { resign }
1-0

[Event "Tourn. n8591"]
[Site "www.chess-mail.com"]
[Date "2016.02.14"]
[Round "1"]
[White "Battlechess"]
[Black "Falcoale"]
[WhiteElo "1620"]
[BlackElo "1710"]
[Result "0-1"]
[Round "1"]
1.d4 Ng8f6
2.c4 e6
3.Ng1f3 b6
4.g3 Bc8b7
5.Bf1g2 Nb8c6
6.O-O Bf8e7
7.Nb1c3 O-O
 { time }
0-1

[Event "Tourn. n8608"]
[Site "www.chess-mail.com"]
[Date "2016.02.14"]
[Round "1"]
[White "Genius7"]
[Black "Osopanda"]
[WhiteElo "2190"]
[BlackElo "2020"]
[Result "0-1"]
[Round "1"]
1.d4 d5
2.Ng1f3 Ng8f6
3.g3 e6
4.Bf1g2 Bf8e7
5.O-O O-O
6.b3 c5
7.Bc1b2 Nb8c6
 { time }
0-1

[Event "Tourn. n8584"]
[Site "www.chess-mail.com"]
[Date "2016.02.14"]
[Round "1"]
[White "Genius7"]
[Black "Scasan55"]
[WhiteElo "2150"]
[BlackElo "2120"]
[Result "0-1"]
[Round "1"]
1.c4 e5
2.Nb1c3 Nb8c6
3.g3 d6
4.Bf1g2 Bc8d7
5.d3 Ng8f6
6.Ng1f3 Bf8e7
7.O-O O-O
8.Bc1g5 Ra8b8
9.Ra1b1 h6
10.Bg5xf6 Be7xf6
11.Nc3d5 Bd7e6
12.Nd5xf6 Qd8xf6
 { time }
0-1

[Event "Tourn. n8587"]
[Site "www.chess-mail.com"]
[Date "2016.02.14"]
[Round "1"]
[White "Powerchess"]
[Black "Woody"]
[WhiteElo "1500"]
[BlackElo "1499"]
[Result "0-1"]
[Round "1"]
1.d4 Ng8f6
2.c4 e6
3.Ng1f3 Bf8b4
4.Bc1d2 Bb4xd2
5.Nb1xd2 O-O
6.e4 d6
7.Bf1d3 e5
8.d5 a5
9.O-O Bc8g4
10.h3 Bg4xf3
11.Nd2xf3 Nb8d7
12.a3 Nd7c5
13.Rf1e1 a4
14.Bd3c2 Qd8d7
 { time }
0-1

[Event "Tourn. n8574"]
[Site "www.chess-mail.com"]
[Date "2016.02.14"]
[Round "1"]
[White "Falcoale"]
[Black "Battlechess"]
[WhiteElo "1670"]
[BlackElo "1620"]
[Result "1-0"]
[Round "1"]
1.e4 c5
2.Ng1f3 e6
3.d4 cxd4
4.Nf3xd4 a6
5.Nb1c3 Qd8c7
6.Bf1d3 Bf8c5
7.Nd4f3 Ng8e7
8.O-O Nb8c6
9.Bc1g5 h6
10.Bg5h4 Ne7g6
11.Bh4g3 Qc7d8
12.a3  { time }
1-0

[Event "Tourn. n8615"]
[Site "www.chess-mail.com"]
[Date "2016.02.14"]
[Round "1"]
[White "Faerieking"]
[Black "Maredocla"]
[WhiteElo "2180"]
[BlackElo "2040"]
[Result "0-1"]
[Round "1"]
1.e4 c5
2.d4 cxd4
3.c3 dxc3
4.Nb1xc3 e6
5.Bf1c4 Bf8b4
6.Qd1b3 Nb8c6
7.Ng1f3 Qd8a5
8.Bc1d2 Qa5c5
9.Bd2e3 Qc5a5
10.O-O Bb4xc3
11.bxc3 Ng8f6
12.Bc4d3 O-O
13.Rf1d1 b6
14.Ra1c1 d5
15.exd5 Nf6xd5
16.Be3d2 Qa5c5
17.c4 Nd5f6
18.Bd3b1 Bc8b7
19.Bd2e3 Qc5h5
20.Nf3d4 Nc6xd4
21.Rd1xd4 Nf6g4
22.h3 Ng4xe3
23.Qb3xe3 Ra8d8
24.Bb1c2 e5
25.Rd4xd8 Rf8xd8
26.f4 exf4
27.Qe3e7 Qh5c5
{ resign }
0-1

[Event "Tourn. n8563"]
[Site "www.chess-mail.com"]
[Date "2016.02.14"]
[Round "1"]
[White "Norlavuaram"]
[Black "Cardiff"]
[WhiteElo "2100"]
[BlackElo "2000"]
[Result "1-0"]
[Round "1"]
1.e4 Ng8f6
2.Qd1e2 e5
3.h3 Nb8c6
4.c3 Bf8e7
5.d3 d6
6.Ng1f3 O-O
7.g3 Rf8e8
8.Bf1g2 h6
9.Nb1d2 Be7f8
10.O-O g6
11.Nf3h2 Bf8g7
12.f4 exf4
13.gxf4 a6
14.Nd2f3 Nf6d7
15.Kh1 Nd7f8
16.Bc1e3 d5
17.e5 b6
18.Nf3d4 Nc6xd4
19.Be3xd4  { time }
1-0

[Event "Tourn. n8563"]
[Site "www.chess-mail.com"]
[Date "2016.02.14"]
[Round "1"]
[White "Genius7"]
[Black "Tonino1"]
[WhiteElo "2140"]
[BlackElo "2030"]
[Result "0-1"]
[Round "1"]
1.d4 Ng8f6
2.Bc1g5 g6
3.Bg5xf6 exf6
4.g3 Bf8g7
5.Bf1g2 d5
6.Nb1c3 c6
7.Ng1f3 O-O
8.O-O Bc8e6
9.e4 Nb8a6
10.a3 Na6c7
11.exd5 Nc7xd5
12.Nc3e4 h6
13.Ne4c5 Be6c8
14.Rf1e1 b6
15.Nc5b3 Bc8a6
16.c3 Qd8c7
17.Qd1c2 Ra8c8
18.c4 Nd5e7
19.Ra1d1 Qc7d7
 { time }
0-1

[Event "Tourn. n8471"]
[Site "www.chess-mail.com"]
[Date "2016.02.14"]
[Round "1"]
[White "Seger"]
[Black "Woadman62"]
[WhiteElo "2730"]
[BlackElo "2640"]
[Result "1-0"]
[Round "1"]
1.d4 f5
2.Bc1g5 c6
3.e3 Qd8b6
4.Nb1d2 g6
5.Bf1c4 d5
6.Bc4b3 Ng8f6
7.Ng1e2 Bf8g7
8.Ne2f4 a5
9.c4 dxc4
10.Bb3xc4 Nb8a6
11.h4 Na6b4
12.h5 Nb4d5
13.h6 Bg7f8
14.O-O e6
15.Nf4xd5 Nf6xd5
16.e4 Bf8e7
17.exd5 Be7xg5
18.Nd2f3 Bg5xh6
19.dxe6 Qb6b4
20.Qd1c2 Bh6f8
21.Ra1d1 Bf8e7
22.Nf3e5 O-O
23.Rf1e1 Kg7
24.a3 Qb4b6
25.Qc2d2 Rf8f6
26.d5 cxd5
27.Bc4xd5 Ra8a6
{ time. }
1-0

[Event "Tourn. n8532"]
[Site "www.chess-mail.com"]
[Date "2016.02.14"]
[Round "1"]
[White "Cardiff"]
[Black "Tonino1"]
[WhiteElo "1950"]
[BlackElo "1990"]
[Result "0-1"]
[Round "1"]
1.e4 c5
2.Ng1f3 d6
3.Bf1b5 Nb8d7
4.O-O a6
5.Bb5xd7 Bc8xd7
6.b3 e6
7.Bc1b2 Ng8f6
8.d3 Bf8e7
9.Nb1d2 O-O
10.Rf1e1 e5
11.a4 h6
12.Nd2c4 b5
13.axb5 axb5
14.Ra1xa8 Qd8xa8
15.Nc4b6 Qa8b7
16.Nb6xd7 Qb7xd7
17.Qd1d2 Nf6e8
18.Re1a1 b4
19.h3 f5
20.Qd2e2 f4
21.Qe2d2 g5
22.Nf3h2 h5
23.Qd2e2 Ne8f6
24.Nh2f3 g4
25.hxg4 Qd7xg4
26.Kf1 Kh7
27.Nf3g1 Qg4g6
28.Ra1a7 Rf8f7
29.f3 h4
30.Ng1h3 Nf6h5
 { time }
0-1

[Event "Tourn. n8610"]
[Site "www.chess-mail.com"]
[Date "2016.02.14"]
[Round "1"]
[White "Tomcapp"]
[Black "Gatrooper"]
[WhiteElo "1550"]
[BlackElo "1620"]
[Result "1/2-1/2"]
[Round "1"]
1.d4 d5
2.e4 dxe4
3.Bc1e3 e6
4.Nb1c3 Ng8f6
5.Bf1c4 h6
6.Ng1h3 a6
7.Nh3f4 Nb8c6
8.d5 exd5
9.Bc4xd5 Nf6xd5
10.Nc3xd5 Nc6e5
11.O-O c6
12.Nd5b6 Ra8b8
13.Qd1xd8 Kxd8
14.Ra1d1 Ke8
15.c3 Bc8g4
16.Rd1d2 c5
17.b3 Ne5d7
18.Nb6xd7 Bg4xd7
19.b4 c4
20.Nf4d5 { draw }
1/2-1/2

[Event "Tourn. n8613"]
[Site "www.chess-mail.com"]
[Date "2016.02.14"]
[Round "1"]
[White "Cardiff"]
[Black "Raven16"]
[WhiteElo "2030"]
[BlackElo "2190"]
[Result "0-1"]
[Round "1"]
1.c4 e5
2.Nb1c3 Ng8f6
3.g3 Nb8c6
4.Bf1g2 Bf8b4
5.Nc3d5 O-O
6.Nd5xb4 Nc6xb4
7.a3 Nb4c6
8.d3 d5
 { time }
0-1

[Event "Tourn. n8541"]
[Site "www.chess-mail.com"]
[Date "2016.02.14"]
[Round "1"]
[White "Raven16"]
[Black "Genius7"]
[WhiteElo "2000"]
[BlackElo "2150"]
[Result "1-0"]
[Round "1"]
1.e4 d6
2.d4 Ng8f6
3.Nb1c3 g6
4.f4 Bf8g7
5.Ng1f3 O-O
6.Bf1d3 c5
7.Bc1e3 Nf6g4
8.Qd1d2 Ng4xe3
9.Qd2xe3 cxd4
10.Nf3xd4 Nb8c6
11.Nd4xc6 bxc6
12.O-O-O Bg7xc3
13.bxc3 Qd8a5
14.Bd3c4 Ra8b8
15.Bc4b3 Bc8e6
16.Rh1f1 Be6xb3
17.axb3 Qa5a3
18.Kd2 Qa3a5
19.Rd1a1 Qa5h5
20.h3 a5
21.g4 Qh5b5
22.Ra1a4 c5
23.Rf1a1 Rb8a8
24.c4  { time }
1-0

[Event "Tourn. n8543"]
[Site "www.chess-mail.com"]
[Date "2016.02.14"]
[Round "1"]
[White "Comrade"]
[Black "Cardiff"]
[WhiteElo "2080"]
[BlackElo "1940"]
[Result "1-0"]
[Round "1"]
1.e4 c6
2.c4 d6
3.d4 Ng8f6
4.Nb1c3 g6
5.Ng1f3 Bf8g7
6.Bf1e2 O-O
7.O-O Qd8c7
8.Bc1f4 Bc8g4
9.Ra1c1 Bg4xf3
10.Be2xf3 Nb8d7
11.Rf1e1 e5
12.Bf4e3 Rf8e8
13.b4 a5
14.b5 Ra8b8
15.Rc1b1 exd4
16.Be3xd4 Nd7e5
17.Bf3e2 c5
18.Bd4e3 b6
19.f4 Ne5d7
20.Be2f3  { time }
1-0

[Event "Tourn. n8619"]
[Site "www.chess-mail.com"]
[Date "2016.02.14"]
[Round "1"]
[White "Gatrooper"]
[Black "Duff"]
[WhiteElo "1640"]
[BlackElo "1830"]
[Result "0-1"]
[Round "1"]
1.e4 e5
2.a3 Ng8f6
3.Nb1c3 Nb8c6
4.Ng1f3 Bf8e7
5.h3 d6
6.d3 O-O
7.Bc1g5 h6
8.Bg5xf6 Be7xf6
9.Nc3d5 Bc8e6
10.Nd5c3 Rf8e8
11.Bf1e2 d5
12.exd5 Be6xd5
13.Nc3xd5 Qd8xd5
14.c4 Qd5d6
15.Qd1b3 Ra8b8
16.O-O e4
17.dxe4 Re8xe4
18.Ra1d1 Qd6c5
19.Rd1d5 Qc5e7
20.Be2d3 Re4e6
21.Bd3b1 Re6e2
22.Qb3d3 g6
23.Rd5d7 Qe7e8
24.Bb1a2 Re2xb2
25.Rf1a1 Qe8e2
26.Qd3xe2 Rb2xe2
27.Rd7xc7 Bf6xa1
28.c5 Re2xa2
29.Nf3h4 Ra2c2
30.Nh4f3 Rc2c1
31.Kh2 Nc6e5
32.Nf3xe5 Ba1xe5
33.g3 Be5xc7
34.h4 Rc1c2
35.Kg2 Rb8e8
36.a4 Re8e2
37.Kf3 Re2xf2
38.Ke3 Bc7xg3
39.Ke4 Rc2xc5
40.Kd4 b6
41.h5 Rf2f4
42.Kd3 gxh5
43.a5 Rc5xa5
44.Ke3 Ra5a3
45.Kd2 Rf4f2
46.Ke1 Ra3a1
{ resign }
0-1

[Event "Tourn. n8614"]
[Site "www.chess-mail.com"]
[Date "2016.02.14"]
[Round "1"]
[White "Mrfunk"]
[Black "Cardiff"]
[WhiteElo "1989"]
[BlackElo "2030"]
[Result "1-0"]
[Round "1"]
1.e4 c5
2.Ng1f3 Nb8c6
3.Bf1b5 g6
4.Bb5xc6 bxc6
5.O-O Bf8g7
6.Rf1e1 d6
7.e5 d5
8.h3 e6
9.d3  { time }
1-0